000 00378nam a22001217a 4500
082 _a294.5 MIR
100 _aBlah, Miranda
245 _aAN ANALYTICAL STUDY on the GURU MOVEMENT in HINDUISM and its IMPACT on the POPULAR HINDUISM
260 _aHenry Martyn Institute, Hyderabad
_bHenry Martyn Institute
_c2020
300 _a95
650 _aHinduism-Guru movement
942 _cTHES
999 _c23161
_d23161